| 000 | 01214cam a2200313 a 4500 | ||
|---|---|---|---|
| 001 | 13474596 | ||
| 003 | OSt | ||
| 005 | 20150408113721.0 | ||
| 008 | 040130s2003 nyua 001 0 eng | ||
| 010 | _a 2004268649 | ||
| 020 | _a0072228911 | ||
| 040 |
_aDLC _cDLC _dDLC |
||
| 050 | 0 | 0 |
_aTK7882.S3 _bG55 2003 |
| 082 | 0 | 0 |
_a621.367 _222 |
| 100 | 1 |
_aHuss, David. _94968 |
|
| 245 | 1 | 0 |
_aHow to do everything with your scanner / _cDave Huss. |
| 250 | _a2nd ed. | ||
| 260 |
_aNew York : _bMcGraw-Hill/Osborne, _cc2003. |
||
| 300 |
_axix, 298 p. : _bill. (some col.) ; _c24 cm. |
||
| 500 | _aRev. ed. of: How to do everything with your scanner / Jill Gilbert. c2001. | ||
| 500 | _aIncludes index. | ||
| 650 | 0 |
_aScanning systems. _94969 |
|
| 650 | 0 |
_aComputer peripherals. _94970 |
|
| 700 | 1 |
_aWelytok, Jill Gilbert. _tHow to do everything with your scanner. _94971 |
|
| 856 | 4 | 2 |
_3Publisher description _uhttp://www.loc.gov/catdir/description/mh051/2004268649.html |
| 856 | 4 | 1 |
_3Table of contents _uhttp://www.loc.gov/catdir/toc/mh041/2004268649.html |
| 942 |
_2ddc _cBOOK |
||
| 999 |
_c576 _d235076 |
||